[Event "Hasselbacken op"]
[Site "Stockholm"]
[Date "2018.11.02"]
[Round "1"]
[White "Schneider, Stefan"]
[Black "Kahtan, Mohammed"]
[Result "1-0"]
[WhiteElo "2365"]
[BlackElo "1912"]
[PlyCount "117"]
[EventDate "2018.11.02"]
[EventType "swiss"]
[EventRounds "8"]
[EventCountry "SWE"]
[SourceTitle "CBM 187 Extra"]
[Source "ChessBase"]
[SourceDate "2018.11.04"]
[SourceVersion "1"]
[SourceVersionDate "2018.11.04"]
[SourceQuality "1"]

1. d4 d5 2. c4 e6 3. Nc3 Nf6 4. cxd5 exd5 5. Bg5 c6 6. e3 Be7 7. Bd3 h6 8. Bh4 Nbd7 9. Qc2 0-0 10. Nge2 Re8 11. 0-0 Nf8 12. Rae1 Qc7 13. Bxf6 Bxf6 14. Nxd5 Qd6 15. Nxf6+ Qxf6 16. Ng3 Ne6 17. Ne4 Qe7 18. Rc1 Bd7 19. Nc5 Nxc5 20. Qxc5 Qf6 21. Rfe1 Rad8 22. Qxa7 Bc8 23. Red1 Rd5 24. Rc5 Red8 25. Rxd5 Rxd5 26. Qb8 Rd8 27. Qe5 Qxe5 28. dxe5 Bf5 29. Bc2 Rxd1+ 30. Bxd1 Kf8 31. f4 Ke7 32. Kf2 Be4 33. Bb3 g5 34. g3 c5 35. Bc4 g4 36. Ke2 Bc6 37. a3 b5 38. Bd3 Ke6 39. e4 c4 40. Bc2 h5 41. Ke3 Be8 42. Kd4 Bc6 43. Bd1 Bd7 44. Be2 Bc6 45. Bf1 Bd7 46. f5+ Ke7 47. Kc5 Be8 48. Be2 Bd7 49. Bf1 Be8 50. Bg2 Bd7 51. Kd4 Be8 52. Bf1 Bd7 53. Be2 Be8 54. Bd1 Bd7 55. Bc2 Be8 56. a4 bxa4 57. Kxc4 Bc6 58. Kc5 Bd7 59. Bd3 1-0

[Event "Stockholm op"]
[Site "Stockholm"]
[Date "2018.08.19"]
[Round "9"]
[White "Kahtan, Mohammed"]
[Black "Ansner, Bjorn"]
[Result "0-1"]
[WhiteElo "1883"]
[BlackElo "2025"]
[PlyCount "117"]
[EventDate "2018.08.13"]
[EventType "swiss"]
[EventRounds "9"]
[EventCountry "SWE"]
[SourceTitle "EXT 2019"]
[Source "ChessBase"]
[SourceDate "2018.10.10"]
[SourceVersion "1"]
[SourceVersionDate "2018.10.10"]
[SourceQuality "1"]

1. d4 d5 2. c4 e6 3. Nd2 f5 4. cxd5 exd5 5. Ngf3 Nf6 6. e3 Bd6 7. Bd3 Nc6 8. a3 0-0 9. Nf1 Kh8 10. Ng3 Ne4 11. Bd2 Ne7 12. Bc3 Be6 13. Qc2 b6 14. Nd2 Qe8 15. 0-0 Ng8 16. Rae1 Ngf6 17. Be2 Nxd2 18. Bxd2 Ne4 19. Bc1 Rc8 20. Ba6 Rd8 21. f4 c5 22. Nxe4 fxe4 23. Qc3 c4 24. b3 Bc8 25. Bxc8 Rxc8 26. Bb2 Qb5 27. b4 a5 28. bxa5 bxa5 29. Ra1 a4 30. Rfb1 Qb3 31. Qxb3 cxb3 32. Rc1 Kg8 33. Kf2 Kf7 34. Ke2 Ke7 35. Rc3 Rxc3 36. Bxc3 Rc8 37. Rc1 Rc4 38. Bb2 Rxc1 39. Bxc1 Kd7 40. g4 Kc6 41. Kd2 Bc7 42. Kc3 Ba5+ 43. Kb2 Be1 44. f5 Kd7 45. Kb1 h6 46. Bb2 Ke7 47. Kc1 Kf6 48. Kd1 Ba5 49. h4 h5 50. gxh5 Kxf5 51. Ke2 Kg4 52. Kf2 Kxh4 53. Kg2 Kxh5 54. Kg3 Kg5 55. Kg2 Kg4 56. Ba1 Bd2 57. Kf2 Kh3 58. Ke2 Bc1 59. Ke1 0-1

[Event "Stockholm op"]
[Site "Stockholm"]
[Date "2018.08.18"]
[Round "8"]
[White "Seo, Jung Min"]
[Black "Kahtan, Mohammed"]
[Result "1-0"]
[WhiteElo "2356"]
[BlackElo "1883"]
[PlyCount "86"]
[EventDate "2018.08.13"]
[EventType "swiss"]
[EventRounds "9"]
[EventCountry "SWE"]
[SourceTitle "EXT 2019"]
[Source "ChessBase"]
[SourceDate "2018.10.10"]
[SourceVersion "1"]
[SourceVersionDate "2018.10.10"]
[SourceQuality "1"]

1. e4 e5 2. Nf3 Nc6 3. Bb5 a6 4. Ba4 Nf6 5. 0-0 b5 6. Bb3 Be7 7. Re1 0-0 8. c3 d6 9. h3 Be6 10. d4 Bxb3 11. Qxb3 exd4 12. cxd4 h6 13. Nc3 Na5 14. Qc2 c5 15. dxc5 dxc5 16. Bf4 Qc8 17. e5 Nh7 18. Nd5 Bd8 19. Ne3 f5 20. exf6 Bxf6 21. Nd5 Qb7 22. Qxc5 Rac8 23. Bc7 Rf7 24. Rac1 Bxb2 25. Ne7+ Rxe7 26. Rxe7 Bxc1 27. Qf5 Rf8 28. Qe6+ Kh8 29. Be5 Qxe7 30. Qxe7 Rg8 31. Nh4 Ng5 32. Nf5 Nc6 33. Bxg7+ Kh7 34. Qd6 Rd8 35. Qxh6+ Kg8 36. Qxc6 Rd1+ 37. Kh2 Bf4+ 38. g3 Bxg3+ 39. fxg3 Rd2+ 40. Kh1 Rd1+ 41. Kg2 Rd2+ 42. Kf1 Rd1+ 43. Ke2 Rd8 1-0

[Event "Stockholm op"]
[Site "Stockholm"]
[Date "2018.08.17"]
[Round "7"]
[White "Kahtan, Mohammed"]
[Black "Gustavsson, Kent"]
[Result "1-0"]
[WhiteElo "1883"]
[BlackElo "1790"]
[PlyCount "83"]
[EventDate "2018.08.13"]
[EventType "swiss"]
[EventRounds "9"]
[EventCountry "SWE"]
[SourceTitle "EXT 2019"]
[Source "ChessBase"]
[SourceDate "2018.10.10"]
[SourceVersion "1"]
[SourceVersionDate "2018.10.10"]
[SourceQuality "1"]

1. d4 Nf6 2. c4 e6 3. Nc3 Bb4 4. Bd2 0-0 5. a3 Bxc3 6. Bxc3 d5 7. b3 b6 8. g3 Bb7 9. Bg2 Qc8 10. Nf3 Nbd7 11. 0-0 dxc4 12. bxc4 Be4 13. Bh3 Qb7 14. Nd2 Bc6 15. f3 Rad8 16. e4 Qa8 17. e5 Ne8 18. Bb4 f5 19. Bxf8 Nxf8 20. Nb3 g5 21. Qd2 h6 22. Qe3 Ng7 23. a4 a5 24. Bg2 Ng6 25. Rf2 f4 26. Qc3 Nf5 27. Bh3 fxg3 28. hxg3 Rf8 29. Kh2 Rf7 30. Nd2 Kf8 31. Re1 Qd8 32. Bxf5 Rxf5 33. Ne4 Bxe4 34. Rxe4 Qd7 35. Rd2 Qxa4 36. d5 exd5 37. cxd5 Qd7 38. d6 cxd6 39. Rxd6 Qe8 40. e6 Ne7 41. Qh8+ Ng8 42. e7+ 1-0